[Event "Laval op"]
[Site "Laval"]
[Date "2024.06.22"]
[Round "3"]
[White "Kerhuel Lefebvre, Stephane"]
[Black "Hu, Raymond"]
[Result "0-1"]
[WhiteElo "1626"]
[BlackElo "1893"]
[PlyCount "76"]
[EventDate "2024.06.21"]
[EventType "swiss"]
[EventRounds "5"]
[EventCountry "CAN"]
[SourceTitle "CB28_2024"]
[SourceDate "2024.07.10"]
[SourceVersion "1"]
[SourceVersionDate "2024.07.10"]
[SourceQuality "1"]

1. e4 c5 2. Nf3 Nc6 3. d4 cxd4 4. Nxd4 Nf6 5. Nc3 e6 6. Bg5 Bb4 7. a3 Bxc3+ 8. bxc3 Qa5 9. Nxc6 Qxc3+ 10. Bd2 Qxc6 11. f3 0-0 12. Be2 d5 13. e5 Nd7 14. f4 f6 15. exf6 Nxf6 16. 0-0 Ne4 17. Be1 Qb6+ 18. Kh1 Bd7 19. Rb1 Qc7 20. f5 b6 21. Bb4 Rf6 22. Bd3 Rh6 23. h3 Ng3+ 24. Kg1 Nxf1 25. Bxf1 Re8 26. Qd4 exf5 27. Qxd5+ Be6 28. Qd4 f4 29. Bd6 Qd7 30. Re1 Rd8 31. Rxe6 Rxe6 32. Bc4 Qxd6 33. Bxe6+ Kh8 34. Qc4 Qd4+ 35. Qxd4 Rxd4 36. c4 Rd1+ 37. Kf2 Ra1 38. Kf3 Rxa3+ 0-1